Plant propagation: Principles and practices (Record no. 21385)
[ view plain ]
| 000 -LEADER | |
|---|---|
| fixed length control field | 00494nam a2200193Ia 4500 |
| 082 ## - DEWEY DECIMAL CLASSIFICATION NUMBER | |
| Classification number | 631.53 |
| Item number | HAR;1 |
| 100 ## - MAIN ENTRY--AUTHOR NAME | |
| Personal name | HARTMANN, Hudson T |
| 245 #0 - TITLE STATEMENT | |
| Title | Plant propagation: Principles and practices |
| 250 ## - EDITION STATEMENT | |
| Edition statement | Ed.2 |
| 260 ## - PUBLICATION, DISTRIBUTION, ETC. (IMPRINT) | |
| Place of publication | New Jersey |
| Name of publisher | Prentice Hall |
| Year of publication | 1959 |
| 650 ## - SUBJECT ADDED ENTRY--TOPICAL TERM | |
| Topical Term | Budding |
| 650 ## - SUBJECT ADDED ENTRY--TOPICAL TERM | |
| Topical Term | Grafting |
| 650 ## - SUBJECT ADDED ENTRY--TOPICAL TERM | |
| Topical Term | Layering |
| 650 ## - SUBJECT ADDED ENTRY--TOPICAL TERM | |
| Topical Term | Micropropagation |
| 650 ## - SUBJECT ADDED ENTRY--TOPICAL TERM | |
| Topical Term | Plant propagation |
| 700 ## - ADDED ENTRY--PERSONAL NAME | |
| Personal name | KESTER, Dale E |
| 942 ## - ADDED ENTRY ELEMENTS (KOHA) | |
| Koha item type | Books |
| Withdrawn status | Lost status | Damaged status | Not for loan | Home library | Current library | Date acquired | Full call number | Accession Number | Koha item type |
|---|---|---|---|---|---|---|---|---|---|
| RRII Library | RRII Library | 16/12/2021 | 631.53 HAR;1 | 02101 | Books |